书目信息 |
| 题名: |
21世纪中国农业
|
|
| 作者: | 陈万金 编著 | |
| 分册: | ||
| 出版信息: | 南昌 江西科学技术出版社 1998.12 |
|
| 页数: | 606页 | |
| 开本: | 32开 | |
| 丛书名: | ||
| 单 册: | ||
| 中图分类: | S-1 | |
| 科图分类: | ||
| 主题词: | 农业技术--技术现状 , 农业技术--概况 | |
| 电子资源: | ||
| ISBN: | 7-5390-1478-4 | |
| 000 | 00597nam0 2200205 45 | |
| 001 | 0008070893 | |
| 005 | 20000807085327.8 | |
| 010 | @a7-5390-1478-4@d20.00元 | |
| 100 | @a20000807d1998 km y0chiy0120 ea | |
| 101 | 0 | @achi |
| 105 | @a z 000yy | |
| 200 | 1 | @a21世纪中国农业@A21 Shi Ji Zhong Guo Nong Ye@f陈万金等编著@FChen Wan Jin Deng Bian Zhu |
| 210 | @a南昌@c江西科学技术出版社@d1998.12 | |
| 215 | @a606页@d32开 | |
| 606 | 0 | @a农业技术@x技术现状 |
| 606 | 0 | @a农业技术@x概况 |
| 690 | @aS-1@v3 | |
| 701 | 0 | @a陈万金@4编著 |
| 801 | @aCN@bPftUser@c20000807 | |
| 905 | @b91074-078@dS-1@eCH359@f5 | |
| 21世纪中国农业/陈万金等编著.-南昌:江西科学技术出版社,1998.12 |
| 606页;32开 |
| ISBN 7-5390-1478-4:20.00元 |
| ● |
| 相关链接 |
|
|
|
正题名:21世纪中国农业
索取号:S-1/CH359
 
预约/预借
| 序号 | 登录号 | 条形码 | 馆藏地/架位号 | 状态 | 备注 |
| 1 | 91074 | 200910746 | 自科库401/401自科库 66排5列2层/ [索取号:S-1/CH359] | 在馆 | |
| 2 | 91075 | 200910755 | 自科库401/401自科库 66排5列2层/ [索取号:S-1/CH359] | 在馆 | |
| 3 | 91076 | 200910764 | 自科库401/401自科库 66排5列2层/ [索取号:S-1/CH359] | 在馆 | |
| 4 | 91077 | 200910773 | 自科库401/401自科库 66排5列2层/ [索取号:S-1/CH359] | 在馆 | |
| 5 | 91078 | 200910782 | 自科库401/401自科库 66排5列2层/ [索取号:S-1/CH359] | 在馆 |